Catàleg del Col·legi de Periodistes de Catalunya

Guia Judicial de Catalunya 2007 (Registre núm. 6889)

000 -CABECERA
Longitud fija campo de control 00355nam a22001337a 4500
003 - IDENTIFICADOR DEL NÚMERO DE CONTROL
Identificador del número de control OSt
005 - FECHA Y HORA DE LA ÚLTIMA TRANSACCIÓN
Fecha y hora de la última transacción 20151019105043.0
008 - CÓDIGOS DE INFORMACIÓN DE LONGITUD FIJA
Códigos de información de longitud fija 151019s2007 sp ||||| |||| 00| 0 cat d
040 ## - FUENTE DE LA CATALOGACIÓN
Lengua de catalogación cat
Centro transcriptor CPC Girona
245 ## - MENCIÓN DE TÍTULO
Título Guia Judicial de Catalunya 2007
260 ## - PUBLICACIÓN, DISTRIBUCIÓN, ETC. (PIE DE IMPRENTA)
Lugar de publicación, distribución, etc. Barcelona
Nombre del editor, distribuidor, etc. Consell de l'Advocacia de Catalunya
Fecha de publicación, distribución, etc. 2007
300 ## - DESCRIPCIÓN FÍSICA
Extensión 2363p.
Dimensiones 23 cm
942 ## - ENTRADA DE ELEMENTOS AGREGADOS (KOHA)
Fuente de clasificaión o esquema
Koha [por defecto] tipo de item Monografies
Fons
Suprimido Perdido Estropeado No para préstamo Localización permanente Localización actual Fecha adquisición Préstamos totales Signatura completa Código de barras Fecha última consulta Fecha del precio de reemplazo Tipo de item de Koha
        CPC Girona CPC Girona 2015-10-19   Af 1245 GIRONA15101254 2015-10-19 2015-10-19 Monografies

Implantat amb Koha